| 000 | 00525nam a2200205Ia 4500 | ||
|---|---|---|---|
| 005 | 20240217105609.0 | ||
| 008 | 131103s9999 xx 000 0 und d | ||
| 040 | _aLoreto College | ||
| 041 | _aEnglish | ||
| 082 |
_a370.954 _bBAN |
||
| 100 | _aBanerjee,Jyoti Prasad | ||
| 245 |
_aEducation in India, _cJyoti Prasad Banerjee |
||
| 250 | _a Past present future | ||
| 260 |
_aCalcutta _bCentral Library _c1994 |
||
| 300 |
_a576 p. _b ill. |
||
| 650 | _aEducation | ||
| 651 | _aIndia | ||
| 850 | _aLCLIB | ||
| 942 | _cBK | ||
| 999 |
_c4033 _d54512 |
||